000 01079nam0a22002531 4500
001 rc\4312190
005 20130416130600.3
021 _aRU
_b88-ВП-874/9
035 _a(NLR Aleph) 008260761
090 _a8395425
_c8395425
100 _a20130416d1967 |||y0rusy50 ca
101 0 _arus
102 _aRU
105 _ay z |||||
200 1 _a[Доклады]
_f[Ред. коллегия: П.П. Гончаров (отв. ред.)] [и др.]
_gВоен.-мед. ордена Ленина акад. им. С.М. Кирова. Науч. сессия, посвящ. 50-летию Великой Октябрьской соц. революции (26 окт. 1967 г.)
210 _aЛенинград
_cБ. и.
_d1967
215 _a146 с.
_d20
702 1 _aГончаров
_bП. П.
_4340
710 0 2 _aВоенно-медицинская академия им. С. М. Кирова
_cЛенинград
_bНаучная сессия
_f1967
_3RU\NLR\AUTH\8810057734
801 0 _aRU
_bNLR
_gpsbo
801 1 _aRU
_bELAR
_2rusmarc
852 _aNLR
_j67-5/5614
942 _cBOOK
980 _aNB